Investori prichádzajú do Brzotína

Bibliographic Details
Format: Article
Language:Slovak
ISSN:1335-7581
Subjects:

MARC

LEADER 00000nab a2200000 a 4500
001 vtls008847087
003 SK-MaSNL
005 20260305034021.0
008 060918c20060912xo mr| 0 0slo
038 |a RVGKPD 
040 |a RVGKPD  |b slo  |c RVGKPD  |e AACR2 
041 |a slo 
044 |a xo  |c SK 
080 |a 339.727.22  |2 1997 
245 0 0 |a Investori prichádzajú do Brzotína  |c [autor] (zub) 
650 0 7 |a zahraničné investície  |2 rvgkpd  |9 2650 
651 7 |a Brzotín (Slovensko)  |2 rvgkpd  |9 31127 
651 7 |a Rožňava (Slovensko : okres)  |2 rvgkpd  |9 19215 
773 0 |t Korzár : Gemerský denník  |g Roč. VIII, č. 210 (12.9.2006), s. 1  |x 1335-7581 
852 |a RVGKPD  |b KIS3G 
992 |a RBX 
999 |c 3327377  |d 3329307